000 00721nam a2200277Ia 4500
003 OSt
005 20221006144458.0
006 a|||||r|||| 00| 0
007 ta
008 221006b |||||||| |||| 00| 0 eng d
020 _aB0000CQG2Y
_c150.00
024 _a11,752
037 _cTextual
040 _aEASL
_cEASL
_beng
041 _2eng
_aeng
082 _aV2:19.N84, M5
100 _aGupta M.G.
245 0 _aIndian foreign policy
_b Threory and practice
260 _aAgra
_bY K Pub. India
_c1985
300 _a331p.
_ccm.
490 _v Gen
650 _a Gen
650 _aIndian Foreign policy
_9652096
942 _hV2:19.N84, M5
_cTEXL
_2CC
999 _c1079838
_d1079838